000 00807nam a2200217Ia 4500
005 20240530102412.0
008 140319s1977 xx 000 0 ara d
040 _aGCL /
_cGCL
082 0 4 _a410 /
_bم ز
100 1 _aمرتضى اية الله زاده الشيرازى
245 1 0 _aالزمخشرى لغويا ومفسرا /
_cتاليف مرتضى اية الله زاده الشيرازى ؛ مقدم حسين نصار
260 _aالقاهرة :
_bدار الثقافة للطباعة والنشر ،
_c1977
300 _a455 ص؛
_c24 سم
650 0 4 _aتاريخ
650 0 4 _aاللغة العربية
650 0 4 _aاللغويون
650 0 4 _aالزمخشرى
700 _aحسين نصار
_eمقدم
942 _2ddc
_cBK
999 _c31989
_d31989